000 00899nam a2200265 i 4500
001 136737
003 ES-MaACL
005 20251009160207.0
007 t|
008 070214s1973 sp r ||||1| cat d
080 _a37(460.23)"19"(091)
080 _a929 Vergés, Pedro
100 1 _aSaladrigas, Robert.
_9101699
245 1 2 _aL'Escola del Mar i la renovació pedagógica a Catalunya :
_bconverses amb Pere Vergés /
_cRobert Saladrigas.
250 _a1ª ed.
260 _aBarcelona :
_bEd. 62,
_c1973.
300 _a368 p., 14 h., 22 lám. ;
_c25 cm.
490 1 _aCultura catalana contemporánea ;
_v3
610 2 4 _aEscola del Mar (Barcelona)
_9173575
650 7 _aEnseñanza-
_zCataluña
_2
_9144805
700 1 _aVergés, Pere,
_d1896-1970
_9164357
830 1 _aCultura catalana contemporánea ;
_v3
_9187049
852 _aES-MaACL
_jC-52789
999 _c136737
_d136737